[Event "Hastings Masters"]
[Site "Hastings, England"]
[Date "2015.01.04"
[Round "7.1"]
[White "Hebden, Mark L"]
[WhiteElo "2523"]
[Black "Zhao, Jun"]
[BlackElo "2585"]
[Result "1/2-1/2"]

1. d4 {[%clk 1:40:56]} Nf6 {[%clk 1:35:44]} 2. Nf3 {[%clk 1:39:49]} g6
{[%clk 1:36:01]} 3. Nc3 {[%clk 1:40:09]} d5 {[%clk 1:34:59]} 4. Bf4
{[%clk 1:40:33]} Bg7 {[%clk 1:35:21]} 5. Qd2 {[%clk 1:40:56]} O-O
{[%clk 1:35:23]} 6. Bh6 {[%clk 1:41:17]} Bxh6 {[%clk 1:35:00]} 7. Qxh6
{[%clk 1:41:40]} c5 {[%clk 1:35:25]} 8. e3 {[%clk 1:42:04]} cxd4 {[%clk 1:35:16]}
9. exd4 {[%clk 1:42:27]} Nc6 {[%clk 1:35:43]} 10. O-O-O {[%clk 1:42:49]} Bg4
{[%clk 1:35:39]} 11. h4 {[%clk 1:43:12]} Bxf3 {[%clk 1:03:24]} 12. gxf3
{[%clk 1:42:51]} Nh5 {[%clk 1:03:34]} 13. Bh3 {[%clk 1:43:10]} Qd6
{[%clk 0:45:05]} 14. Ne2 {[%clk 1:40:06]} f5 {[%clk 0:37:57]} 15. Rhg1
{[%clk 1:34:10]} Kh8 {[%clk 0:38:11]} 16. Kb1 {[%clk 1:33:20]} Rf6
{[%clk 0:35:52]} 17. Qg5 {[%clk 1:12:40]} Nd8 {[%clk 0:35:17]} 18. Rde1
{[%clk 1:07:12]} Ne6 {[%clk 0:33:52]} 19. Qd2 {[%clk 1:06:36]} b6
{[%clk 0:29:24]} 20. c3 {[%clk 1:04:03]} Nef4 {[%clk 0:23:18]} 21. Nxf4
{[%clk 1:03:29]} Qxf4 {[%clk 0:23:42]} 22. Qe3 {[%clk 1:02:59]} e6
{[%clk 0:21:19]} 23. Rh1 {[%clk 0:58:02]} Rc8 {[%clk 0:18:55]} 24. Bf1
{[%clk 0:58:18]} Rc7 {[%clk 0:18:56]} 25. Bb5 {[%clk 0:57:47]} Kg7
{[%clk 0:19:08]} 26. Qd3 {[%clk 0:56:48]} Qh6 {[%clk 0:17:34]} 27. Reg1
{[%clk 0:53:02]} Qf4 {[%clk 0:17:52]} 28. Re1 {[%clk 0:52:46]} Qh6
{[%clk 0:18:18]} 29. Reg1 {[%clk 0:52:30]} Qf4 {[%clk 0:17:46]} 30. Re1
{[%clk 0:52:24]} Qh6 {[%clk 0:13:12]} 31. Reg1 {[%clk 0:50:59]} Qf4
{[%clk 0:13:02]} 1/2-1/2

[Event "Hastings Masters"]
[Site "Hastings, England"]
[Date "2015.01.04"
[Round "7.2"]
[White "Rodshtein, Maxim"]
[WhiteElo "2676"]
[Black "Arkell, Keith C"]
[BlackElo "2489"]
[Result "0-1"]

1. e4 {[%clk 1:40:57]} c6 {[%clk 1:37:43]} 2. d4 {[%clk 1:41:13]} d5
{[%clk 1:38:00]} 3. e5 {[%clk 1:41:36]} c5 {[%clk 1:38:20]} 4. dxc5
{[%clk 1:41:46]} e6 {[%clk 1:38:45]} 5. a3 {[%clk 1:41:41]} a5 {[%clk 1:38:40]}
6. Nf3 {[%clk 1:22:30]} Bxc5 {[%clk 1:38:49]} 7. Bd3 {[%clk 1:22:43]} Ne7
{[%clk 1:36:06]} 8. O-O {[%clk 1:13:12]} Ng6 {[%clk 1:36:01]} 9. Bg5
{[%clk 0:51:43]} Be7 {[%clk 1:33:08]} 10. Bxe7 {[%clk 0:47:33]} Qxe7
{[%clk 1:28:10]} 11. Nc3 {[%clk 0:47:58]} Bd7 {[%clk 1:26:21]} 12. Qd2
{[%clk 0:47:09]} O-O {[%clk 1:25:03]} 13. Rae1 {[%clk 0:46:42]} Na6
{[%clk 1:14:57]} 14. Nd4 {[%clk 0:42:15]} Nc5 {[%clk 1:13:24]} 15. f4
{[%clk 0:42:09]} Nxd3 {[%clk 1:12:13]} 16. cxd3 {[%clk 0:40:46]} Qc5
{[%clk 1:12:22]} 17. Qe3 {[%clk 0:31:39]} f6 {[%clk 1:08:54]} 18. exf6
{[%clk 0:29:54]} Rxf6 {[%clk 1:09:01]} 19. g3 {[%clk 0:29:08]} Re8
{[%clk 1:08:40]} 20. Nf3 {[%clk 0:29:00]} Rc8 {[%clk 0:58:37]} 21. Rf2
{[%clk 0:25:40]} b6 {[%clk 0:52:29]} 22. Rfe2 {[%clk 0:20:09]} h6
{[%clk 0:50:34]} 23. Qf2 {[%clk 0:19:16]} Rcf8 {[%clk 0:45:14]} 24. Qd4
{[%clk 0:15:14]} Bc8 {[%clk 0:29:19]} 25. Qxc5 {[%clk 0:12:46]} bxc5
{[%clk 0:29:45]} 26. Na4 {[%clk 0:13:08]} Nxf4 {[%clk 0:30:00]} 27. gxf4
{[%clk 0:12:36]} Rxf4 {[%clk 0:30:26]} 28. Nxc5 {[%clk 0:12:44]} Rxf3
{[%clk 0:30:51]} 29. Re3 {[%clk 0:09:13]} R3f4 {[%clk 0:22:03]} 30. h3
{[%clk 0:09:25]} R8f6 {[%clk 0:22:06]} 31. R1e2 {[%clk 0:07:03]} Kf7
{[%clk 0:21:15]} 32. Kg2 {[%clk 0:07:27]} Ke7 {[%clk 0:19:55]} 33. Kg3
{[%clk 0:07:36]} Kd6 {[%clk 0:11:57]} 34. Nb3 {[%clk 0:06:33]} a4
{[%clk 0:06:17]} 35. Na5 {[%clk 0:06:58]} d4 {[%clk 0:02:58]} 36. Re4
{[%clk 0:06:23]} Rf3+ {[%clk 0:02:22]} 37. Kg2 {[%clk 0:05:56]} Rxd3
{[%clk 0:02:21]} 38. Rc2 {[%clk 0:06:11]} Bd7 {[%clk 0:00:50]} 39. Nc4+
{[%clk 0:04:01]} Ke7 {[%clk 0:01:19]} 40. Nb6 {[%clk 0:04:25]} Kd6
{[%clk 0:00:38]} 41. Nc4+ {[%clk 0:04:19]} Ke7 {[%clk 0:01:04]} 42. Nb6
{[%clk 0:04:44]} Kd8 {[%clk 0:46:57]} 43. Rc4 {[%clk 0:54:06]} e5
{[%clk 0:38:53]} 44. Nxd7 {[%clk 0:53:39]} Kxd7 {[%clk 0:39:08]} 45. Rxe5
{[%clk 0:53:58]} Rc6 {[%clk 0:27:03]} 46. Rd5+ {[%clk 0:48:53]} Rd6
{[%clk 0:27:28]} 47. Rxd6+ {[%clk 0:48:30]} Kxd6 {[%clk 0:27:54]} 48. Rxa4
{[%clk 0:48:56]} Kd5 {[%clk 0:27:35]} 49. Rb4 {[%clk 0:49:07]} Re3
{[%clk 0:27:31]} 50. Rb7 {[%clk 0:44:59]} Kc4 {[%clk 0:24:57]} 51. a4
{[%clk 0:42:42]} d3 {[%clk 0:18:30]} 52. Kf2 {[%clk 0:35:51]} d2 {[%clk 0:16:06]}
53. Rc7+ {[%clk 0:36:15]} Kb3 {[%clk 0:08:02]} 54. Rd7 {[%clk 0:36:39]} Rxh3
{[%clk 0:08:26]} 55. Ke2 {[%clk 0:32:27]} Rh2+ {[%clk 0:06:19]} 56. Kd1
{[%clk 0:32:53]} Kxa4 {[%clk 0:05:38]} 57. Rxg7 {[%clk 0:33:17]} h5
{[%clk 0:05:40]} 58. Kc2 {[%clk 0:18:40]} Kb5 {[%clk 0:05:25]} 59. Rc7
{[%clk 0:17:19]} h4 {[%clk 0:05:43]} 60. Rc8 {[%clk 0:17:08]} Kb6
{[%clk 0:05:25]} 61. Rc4 {[%clk 0:16:56]} h3 {[%clk 0:04:39]} 62. Rh4
{[%clk 0:17:18]} Kc5 {[%clk 0:04:54]} 63. Kd1 {[%clk 0:02:56]} Kd5
{[%clk 0:04:58]} 64. Kc2 {[%clk 0:01:10]} Ke5 {[%clk 0:05:19]} 65. Rh8
{[%clk 0:09:22]} Ke4 {[%clk 0:20:41]} 66. Re8+ {[%clk 0:08:11]} Kf3
{[%clk 0:20:38]} 67. Rf8+ {[%clk 0:08:20]} Ke2 {[%clk 0:20:14]} 68. Re8+
{[%clk 0:08:45]} Kf1 {[%clk 0:20:28]} 69. Re3 {[%clk 0:08:16]} Kg2
{[%clk 0:02:52]} 70. Kxd2 {[%clk 0:01:43]} Rh1 {[%clk 0:03:16]} 71. Re8
{[%clk 0:00:47]} h2 {[%clk 0:02:54]} 72. Rh8 {[%clk 0:00:55]} Rb1
{[%clk 0:01:47]} 73. Kc3 {[%clk 0:01:09]} h1=Q {[%clk 0:01:59]} 74. Rxh1
{[%clk 0:01:35]} Rxh1 {[%clk 0:02:23]} 0-1

[Event "Hastings Masters"]
[Site "Hastings, England"]
[Date "2015.01.04"
[Round "7.3"]
[White "Edouard, Romain"]
[WhiteElo "2659"]
[Black "Gledura, Benjamin"]
[BlackElo "2450"]
[Result "1-0"]

1. d4 {[%clk 1:33:02]} Nf6 {[%clk 1:40:48]} 2. c4 {[%clk 1:33:23]} g6
{[%clk 1:41:11]} 3. g3 {[%clk 1:33:43]} c6 {[%clk 1:41:19]} 4. Bg2
{[%clk 1:34:02]} d5 {[%clk 1:41:33]} 5. e3 {[%clk 1:32:41]} dxc4 {[%clk 1:41:40]}
6. Nd2 {[%clk 1:32:42]} c5 {[%clk 1:41:10]} 7. Ngf3 {[%clk 1:22:29]} Nc6
{[%clk 1:33:48]} 8. Nxc4 {[%clk 1:16:31]} Be6 {[%clk 1:28:20]} 9. Qa4
{[%clk 1:05:21]} Bg7 {[%clk 1:17:26]} 10. Nfe5 {[%clk 0:56:06]} Bd5
{[%clk 1:10:56]} 11. Nxc6 {[%clk 0:49:39]} bxc6 {[%clk 1:10:31]} 12. O-O
{[%clk 0:49:57]} O-O {[%clk 0:56:52]} 13. dxc5 {[%clk 0:49:40]} Bxg2
{[%clk 0:52:41]} 14. Kxg2 {[%clk 0:49:43]} Qd5+ {[%clk 0:52:52]} 15. f3
{[%clk 0:48:27]} Rfd8 {[%clk 0:53:00]} 16. Na5 {[%clk 0:39:43]} Rac8
{[%clk 0:41:44]} 17. Qc2 {[%clk 0:38:44]} Qd3 {[%clk 0:36:05]} 18. Qxd3
{[%clk 0:38:03]} Rxd3 {[%clk 0:36:30]} 19. Rb1 {[%clk 0:35:45]} Nd5
{[%clk 0:34:16]} 20. Kf2 {[%clk 0:30:04]} f5 {[%clk 0:33:12]} 21. a3
{[%clk 0:20:49]} e5 {[%clk 0:30:56]} 22. Ke2 {[%clk 0:16:32]} e4 {[%clk 0:30:06]}
23. fxe4 {[%clk 0:16:11]} fxe4 {[%clk 0:30:18]} 24. Bd2 {[%clk 0:15:37]} a6
{[%clk 0:25:57]} 25. Rfc1 {[%clk 0:13:31]} Bh6 {[%clk 0:22:50]} 26. Nc4
{[%clk 0:13:35]} Rb3 {[%clk 0:21:42]} 27. Rc2 {[%clk 0:12:31]} Rf8
{[%clk 0:21:46]} 28. Rf1 {[%clk 0:05:07]} Rxf1 {[%clk 0:21:57]} 29. Kxf1
{[%clk 0:05:35]} Bxe3 {[%clk 0:19:40]} 30. Na5 {[%clk 0:05:12]} Rd3
{[%clk 0:18:55]} 31. Ke1 {[%clk 0:05:08]} Bg1 {[%clk 0:15:19]} 32. Bg5
{[%clk 0:01:57]} Kg7 {[%clk 0:11:01]} 33. Nxc6 {[%clk 0:02:08]} h6
{[%clk 0:11:17]} 34. Bc1 {[%clk 0:02:11]} Nc7 {[%clk 0:06:04]} 35. Nb4
{[%clk 0:00:56]} Rd8 {[%clk 0:05:29]} 36. Bf4 {[%clk 0:01:12]} Ne6
{[%clk 0:05:52]} 37. c6 {[%clk 0:00:45]} Kf7 {[%clk 0:05:10]} 38. c7
{[%clk 0:00:51]} Rc8 {[%clk 0:05:34]} 39. Nxa6 {[%clk 0:00:42]} Nd4
{[%clk 0:05:52]} 40. Rc3 {[%clk 0:00:35]} g5 {[%clk 0:05:40]} 41. Bc1
{[%clk 0:40:56]} Bxh2 {[%clk 0:54:18]} 42. Kf2 {[%clk 0:39:41]} Bg1+
{[%clk 0:54:02]} 43. Kg2 {[%clk 0:31:18]} Ne2 {[%clk 0:52:51]} 44. Rc2
{[%clk 0:29:57]} Nxc1 {[%clk 0:53:11]} 45. Kxg1 {[%clk 0:29:05]} Nb3
{[%clk 0:52:12]} 46. Kf2 {[%clk 0:28:14]} Ke6 {[%clk 0:51:29]} 47. Ke3
{[%clk 0:28:37]} 1-0

[Event "Hastings Masters"]
[Site "Hastings, England"]
[Date "2015.01.04"
[Round "7.4"]
[White "Mista, Aleksander"]
[WhiteElo "2614"]
[Black "Kjartansson, Gudmundur"]
[BlackElo "2451"]
[Result "1/2-1/2"]

1. e4 {[%clk 1:40:57]} e5 {[%clk 1:40:29]} 2. Nf3 {[%clk 1:41:20]} Nc6
{[%clk 1:40:47]} 3. Bb5 {[%clk 1:41:46]} a6 {[%clk 1:40:46]} 4. Ba4
{[%clk 1:42:12]} Nf6 {[%clk 1:41:13]} 5. d3 {[%clk 1:42:16]} Bc5 {[%clk 1:40:36]}
6. O-O {[%clk 1:40:22]} d6 {[%clk 1:39:13]} 7. Nc3 {[%clk 1:38:22]} Bd7
{[%clk 1:10:30]} 8. Be3 Ba7 9. a3 {[%clk 1:17:18]} O-O {[%clk 1:10:04]} 10. Bg5
{[%clk 1:04:14]} h6 {[%clk 1:06:01]} 11. Bh4 {[%clk 1:03:28]} b5 {[%clk 0:58:15]}
12. Bb3 {[%clk 1:03:28]} Bg4 {[%clk 0:57:36]} 13. Bd5 {[%clk 0:36:00]} Bd7
{[%clk 0:41:33]} 14. Kh1 {[%clk 0:31:59]} Rb8 {[%clk 0:38:32]} 15. Qd2
{[%clk 0:30:55]} Kh7 {[%clk 0:32:37]} 16. Ba2 {[%clk 0:30:15]} Bg4
{[%clk 0:20:21]} 17. Bd5 {[%clk 0:18:07]} Ne7 {[%clk 0:10:34]} 18. Bxf6
{[%clk 0:18:14]} gxf6 {[%clk 0:11:00]} 19. Nh4 {[%clk 0:18:04]} c6
{[%clk 0:07:17]} 20. Bb3 {[%clk 0:17:30]} Ng6 {[%clk 0:06:24]} 21. Nxg6
{[%clk 0:17:00]} fxg6 {[%clk 0:06:42]} 22. f3 {[%clk 0:16:08]} Bd7
{[%clk 0:06:56]} 23. f4 {[%clk 0:16:32]} g5 {[%clk 0:06:31]} 24. fxe5
{[%clk 0:15:52]} fxe5 {[%clk 0:05:24]} 25. Ne2 {[%clk 0:15:47]} Qe7
{[%clk 0:03:16]} 26. Ng3 {[%clk 0:15:11]} Rf4 {[%clk 0:02:02]} 27. Nh5
{[%clk 0:14:21]} Rxf1+ {[%clk 0:02:01]} 28. Rxf1 {[%clk 0:14:47]} Rf8
{[%clk 0:02:21]} 29. Qe1 {[%clk 0:14:42]} Be8 {[%clk 0:00:49]} 30. Ng3
{[%clk 0:15:05]} Rxf1+ {[%clk 0:01:01]} 31. Qxf1 {[%clk 0:15:30]} Bg6
{[%clk 0:01:05]} 32. h3 {[%clk 0:15:21]} Bb6 {[%clk 0:01:02]} 33. Qf3
{[%clk 0:15:30]} Kg7 {[%clk 0:01:02]} 34. Qg4 {[%clk 0:14:48]} Bf2
{[%clk 0:01:03]} 35. Nf5+ {[%clk 0:11:28]} Bxf5 {[%clk 0:01:30]} 36. Qxf5
{[%clk 0:11:52]} Be3 {[%clk 0:01:20]} 37. Be6 {[%clk 0:07:08]} Qf6
{[%clk 0:01:04]} 38. b3 {[%clk 0:06:04]} Qxf5 {[%clk 0:01:23]} 39. exf5
{[%clk 0:06:21]} Bc1 {[%clk 0:01:15]} 40. a4 {[%clk 0:05:51]} bxa4
{[%clk 0:01:17]} 41. bxa4 {[%clk 0:06:20]} h5 {[%clk 0:49:20]} 42. g4
{[%clk 0:55:34]} hxg4 {[%clk 0:48:21]} 43. hxg4 {[%clk 0:55:30]} d5
{[%clk 0:44:13]} 44. Bc8 {[%clk 0:55:31]} a5 {[%clk 0:44:31]} 45. Bb7
{[%clk 0:55:59]} d4 {[%clk 0:44:32]} 46. Bxc6 {[%clk 0:56:25]} Kf6
{[%clk 0:44:48]} 47. Kg2 {[%clk 0:56:52]} Bd2 {[%clk 0:45:07]} 48. Kf3
{[%clk 0:57:17]} Bb4 {[%clk 0:45:21]} 49. Ke4 {[%clk 0:57:32]} Bc3
{[%clk 0:45:11]} 50. Kd5 {[%clk 0:57:58]} Bb4 {[%clk 0:45:26]} 51. Bb5
{[%clk 0:58:23]} Bc3 {[%clk 0:45:48]} 52. Bc4 {[%clk 0:58:43]} Bb4
{[%clk 0:46:14]} 53. Bb3 {[%clk 0:59:10]} Bc3 {[%clk 0:46:33]} 54. Kc6
{[%clk 0:59:24]} Ke7 {[%clk 0:46:41]} 55. Kb6 {[%clk 0:59:25]} Kf6
{[%clk 0:47:01]} 56. Kb5 {[%clk 0:59:50]} Ke7 {[%clk 0:47:26]} 1/2-1/2

[Event "Hastings Masters"]
[Site "Hastings, England"]
[Date "2015.01.04"
[Round "7.5"]
[White "Sengupta, Deep"]
[WhiteElo "2566"]
[Black "Fier, Alexandr"]
[BlackElo "2592"]
[Result "0-1"]

1. d4 {[%clk 1:40:52]} Nf6 {[%clk 1:40:55]} 2. Bg5 {[%clk 1:41:18]} d5
{[%clk 1:38:17]} 3. e3 {[%clk 1:41:16]} c5 {[%clk 1:38:27]} 4. Bxf6
{[%clk 1:41:40]} gxf6 {[%clk 1:38:53]} 5. dxc5 {[%clk 1:42:05]} Nc6
{[%clk 1:35:54]} 6. a3 {[%clk 1:42:15]} e6 {[%clk 1:34:07]} 7. Nf3
{[%clk 1:38:18]} Bxc5 {[%clk 1:33:12]} 8. Be2 {[%clk 1:38:09]} f5
{[%clk 1:31:32]} 9. O-O {[%clk 1:31:31]} Qf6 {[%clk 1:31:04]} 10. Ra2
{[%clk 1:30:50]} a5 {[%clk 1:28:17]} 11. Nbd2 {[%clk 1:19:05]} O-O
{[%clk 1:25:35]} 12. c4 {[%clk 1:18:10]} dxc4 {[%clk 1:25:59]} 13. Bxc4
{[%clk 1:18:32]} b6 {[%clk 1:24:38]} 14. Nb3 {[%clk 1:03:48]} Rd8
{[%clk 1:23:46]} 15. Qe2 {[%clk 0:56:57]} Bf8 {[%clk 1:23:07]} 16. Raa1
{[%clk 0:50:47]} Bb7 {[%clk 1:23:29]} 17. Rfd1 {[%clk 0:49:48]} Bg7
{[%clk 1:23:07]} 18. Nbd4 {[%clk 0:35:03]} Nxd4 {[%clk 1:21:37]} 19. Rxd4
{[%clk 0:31:43]} Qg6 {[%clk 1:21:05]} 20. Rxd8+ {[%clk 0:29:08]} Rxd8
{[%clk 1:21:29]} 21. a4 {[%clk 0:27:16]} Qg4 {[%clk 1:15:10]} 22. Rc1
{[%clk 0:23:00]} Rc8 {[%clk 1:08:30]} 23. b3 {[%clk 0:18:30]} b5 {[%clk 1:07:54]}
24. axb5 {[%clk 0:18:52]} a4 {[%clk 1:08:22]} 25. Rc2 {[%clk 0:09:28]} a3
{[%clk 1:07:24]} 26. Ra2 {[%clk 0:08:52]} Bxf3 {[%clk 1:07:48]} 27. Qxf3
{[%clk 0:09:09]} Qxf3 {[%clk 1:08:15]} 28. gxf3 {[%clk 0:09:34]} Bb2
{[%clk 1:08:42]} 29. f4 {[%clk 0:07:25]} Kf8 {[%clk 1:09:08]} 30. Kg2
{[%clk 0:07:39]} Ke7 {[%clk 1:09:34]} 31. Kf3 {[%clk 0:08:07]} Kd6
{[%clk 1:09:59]} 32. e4 {[%clk 0:08:22]} fxe4+ {[%clk 1:07:20]} 33. Kxe4
{[%clk 0:08:50]} Rc5 {[%clk 1:07:43]} 34. Kf3 {[%clk 0:07:17]} Kc7
{[%clk 1:07:45]} 35. Kg4 {[%clk 0:01:53]} Kb6 {[%clk 1:07:58]} 36. Bd3
{[%clk 0:00:43]} h6 {[%clk 1:08:07]} 37. f5 {[%clk 0:00:52]} exf5+
{[%clk 1:08:20]} 38. Kh5 {[%clk 0:00:43]} Rc3 {[%clk 1:08:16]} 39. Bf1
{[%clk 0:00:36]} Rf3 {[%clk 1:08:34]} 40. h4 {[%clk 0:00:36]} Rf4
{[%clk 1:07:37]} 41. Bc4 {[%clk 0:49:15]} Rxf2 {[%clk 1:55:46]} 42. Bxf7 Rg2
{[%clk 1:55:59]} 43. Bd5 {[%clk 0:46:04]} Rg3 {[%clk 1:56:25]} 44. Kxh6
{[%clk 0:43:29]} f4 {[%clk 1:56:19]} 45. h5 {[%clk 0:43:55]} f3 {[%clk 1:56:46]}
46. Kh7 {[%clk 0:44:20]} f2 {[%clk 1:57:13]} 47. Bc4 {[%clk 0:44:48]} Rg7+
{[%clk 1:57:22]} 0-1

[Event "Hastings Masters"]
[Site "Hastings, England"]
[Date "2015.01.04"
[Round "7.6"]
[White "Bogner, Sebastian"]
[WhiteElo "2586"]
[Black "Hunt, Adam C"]
[BlackElo "2437"]
[Result "1/2-1/2"]

1. d4 Nf6 2. c4 g6 3. Nc3 Bg7 4. e4 d6 5. Nf3 O-O 6. Be2 e5 7. dxe5 dxe5 8. Qxd8
Rxd8 9. Bg5 Re8 10. Nd5 Nxd5 11. cxd5 c6 12. Bc4 cxd5 13. Bxd5 Nd7 14. Nd2 Nc5
15. Nc4 Bf8 16. O-O Be6 17. Rfd1 Rac8 18. Rac1 Bxd5 19. exd5 Ne4 20. Be3 b5 21.
Na5 Rxc1 22. Rxc1 Nf6 23. Rd1 Rd8 24. Nc6 Rxd5 25. Rxd5 Nxd5 26. Nxa7 b4 27. Nc6
{[%clk 0:28:11]} Nxe3 28. fxe3 e4 29. g4 Kg7 30. Kf2 f5 31. gxf5 gxf5 32. h3 Kf6
33. Nd4 Ke5 34. Ne2 Be7 35. Ke1 Bg5 36. Kd2 Kd5 37. Nc1 Kc4 38. Ne2 Kd5 39. Nc1
Bf6 40. Kc2 Bg5 1/2-1/2

[Event "Hastings Masters"]
[Site "Hastings, England"]
[Date "2015.01.04"
[Round "7.7"]
[White "Lagarde, Maxime"]
[WhiteElo "2576"]
[Black "Olsarova, Tereza"]
[BlackElo "2302"]
[Result "1-0"]

1. c4 e5 2. Nc3 Nf6 3. g3 d5 4. cxd5 Nxd5 5. Bg2 Nb6 6. Nf3 Nc6 7. O-O Be7 8. d3
O-O 9. Be3 f5 10. b4 Bf6 11. Bc5 Re8 12. e4 g6 13. Re1 Kh8 14. Rc1 Nd7 15. Nd5
fxe4 16. dxe4 Nxc5 17. Rxc5 Qd6 18. Nxf6 Qxf6 19. b5 Nd8 20. Qa1 Nf7 21. Rxc7 Rf8
22. Rc5 Kg8 23. Nxe5 b6 24. Rxc8 Raxc8 25. Nc6 Qxa1 26. Rxa1 Rfe8 27. a4 Ne5 28.
Bh3 Rc7 29. Rc1 Nxc6 30. Rxc6 Rce7 31. f3 Rd8 32. Be6+ Kg7 33. Bd5 Rf8 34. Kf2
Rd8 35. f4 Kf8 36. g4 Kg7 37. Kf3 Rf8 38. h4 Rf6 39. g5 Rf8 40. Be6 Rd8 41. f5
gxf5 42. exf5 Kf8 43. h5 Rd3+ 44. Ke4 Rg3 45. Kf4 Rg1 46. h6 Re1 47. Rc8+ Re8 48.
Rxe8+ Kxe8 49. g6 hxg6 50. fxg6 1-0

[Event "Hastings Masters"]
[Site "Hastings, England"]
[Date "2015.01.04"
[Round "7.8"]
[White "Vakhidov, Jahongir"]
[WhiteElo "2502"]
[Black "Wallner, Joachim"]
[BlackElo "2340"]
[Result "1-0"]

1. d4 {[%clk 1:25:39]} d5 {[%clk 1:40:55]} 2. c4 {[%clk 1:25:47]} dxc4
{[%clk 1:41:22]} 3. Nf3 {[%clk 1:26:01]} Nf6 {[%clk 1:41:41]} 4. e3
{[%clk 1:26:24]} e6 {[%clk 1:42:08]} 5. Bxc4 {[%clk 1:26:45]} a6 {[%clk 1:42:37]}
6. O-O {[%clk 1:27:03]} c5 {[%clk 1:43:06]} 7. Qe2 {[%clk 1:25:27]} b5
{[%clk 1:41:54]} 8. Bb3 {[%clk 1:25:30]} Bb7 {[%clk 1:42:11]} 9. a4
{[%clk 1:25:11]} c4 {[%clk 1:35:58]} 10. Bc2 {[%clk 1:25:00]} Nc6
{[%clk 1:36:08]} 11. Nc3 {[%clk 1:10:12]} Qb6 {[%clk 1:28:08]} 12. axb5
{[%clk 1:09:13]} axb5 {[%clk 1:28:34]} 13. Rxa8+ {[%clk 1:09:11]} Bxa8
{[%clk 1:29:03]} 14. b3 {[%clk 1:09:25]} Bb4 {[%clk 1:14:38]} 15. Na2
{[%clk 1:08:05]} cxb3 {[%clk 1:15:01]} 16. Bxb3 {[%clk 1:08:21]} Be7
{[%clk 1:15:02]} 17. Nc3 {[%clk 1:03:19]} b4 {[%clk 1:09:11]} 18. Na4
{[%clk 1:02:11]} Qb7 {[%clk 1:08:43]} 19. Bb2 {[%clk 0:59:10]} O-O
{[%clk 1:08:05]} 20. Nc5 {[%clk 0:52:50]} Bxc5 {[%clk 1:05:01]} 21. dxc5
{[%clk 0:52:30]} Nd7 {[%clk 1:05:25]} 22. Rc1 {[%clk 0:52:44]} Rc8
{[%clk 1:05:34]} 23. Ne1 {[%clk 0:41:53]} Na5 {[%clk 1:04:36]} 24. Ba4
{[%clk 0:35:08]} Rxc5 {[%clk 1:02:02]} 25. Qg4 {[%clk 0:32:38]} Ne5
{[%clk 0:59:05]} 26. Qh4 {[%clk 0:32:49]} Qxg2+ {[%clk 0:53:28]} 27. Nxg2
{[%clk 0:33:03]} Nf3+ {[%clk 0:53:49]} 28. Kf1 {[%clk 0:33:26]} Rxc1+
{[%clk 0:54:18]} 29. Bxc1 {[%clk 0:33:47]} Nxh4 {[%clk 0:54:39]} 30. Nxh4
{[%clk 0:34:16]} Nc4 {[%clk 0:54:55]} 31. Ng2 {[%clk 0:26:44]} g5
{[%clk 0:54:52]} 32. Ne1 {[%clk 0:25:39]} 1-0

[Event "Hastings Masters"]
[Site "Hastings, England"]
[Date "2015.01.04"
[Round "7.9"]
[White "Hawkins, Jonathan"]
[WhiteElo "2552"]
[Black "Kirk, Ezra"]
[BlackElo "2308"]
[Result "1-0"]

1. d4 {[%clk 1:37:02]} Nf6 {[%clk 1:40:54]} 2. c4 {[%clk 1:37:27]} g6
{[%clk 1:41:18]} 3. Nf3 {[%clk 1:37:37]} Bg7 {[%clk 1:41:33]} 4. g3
{[%clk 1:37:46]} O-O {[%clk 1:41:53]} 5. Bg2 {[%clk 1:38:12]} d6 {[%clk 1:42:07]}
6. O-O {[%clk 1:38:10]} Nc6 {[%clk 1:42:33]} 7. Nc3 {[%clk 1:36:34]} a6
{[%clk 1:42:30]} 8. b3 {[%clk 1:36:57]} Bd7 {[%clk 1:41:49]} 9. Bb2
{[%clk 1:34:40]} Rb8 {[%clk 1:41:18]} 10. Nd5 {[%clk 1:30:53]} Nh5
{[%clk 1:28:03]} 11. Qd2 {[%clk 1:24:28]} f5 {[%clk 1:20:13]} 12. Nf4
{[%clk 1:23:19]} Nxf4 {[%clk 1:04:14]} 13. gxf4 {[%clk 1:22:34]} e6
{[%clk 1:01:30]} 14. d5 {[%clk 1:21:45]} Bxb2 {[%clk 1:01:30]} 15. Qxb2
{[%clk 1:22:11]} Ne7 {[%clk 1:01:26]} 16. Rfd1 {[%clk 1:21:39]} exd5
{[%clk 0:40:26]} 17. cxd5 {[%clk 1:22:02]} Be8 {[%clk 0:39:18]} 18. Ng5
{[%clk 1:20:25]} Bf7 {[%clk 0:38:26]} 19. Rd3 {[%clk 1:20:48]} c6
{[%clk 0:30:54]} 20. dxc6 {[%clk 1:19:39]} bxc6 {[%clk 0:30:26]} 21. Nxh7
{[%clk 1:19:39]} Nd5 {[%clk 0:29:57]} 22. Rg3 {[%clk 1:19:04]} Rb7
{[%clk 0:28:07]} 23. Rc1 {[%clk 1:18:41]} Qh4 {[%clk 0:25:53]} 24. Nxf8
{[%clk 1:17:56]} 1-0

[Event "Hastings Masters"]
[Site "Hastings, England"]
[Date "2015.01.04"
[Round "7.10"]
[White "Liang, Jake Z"]
[WhiteElo "1953"]
[Black "Gormally, Daniel W"]
[BlackElo "2499"]
[Result "0-1"]

1. d4 {[%clk 1:40:11]} Nf6 {[%clk 1:38:24]} 2. c4 {[%clk 1:40:20]} e6
{[%clk 1:38:29]} 3. g3 {[%clk 1:40:19]} c5 {[%clk 1:37:59]} 4. d5
{[%clk 1:40:16]} exd5 {[%clk 1:36:46]} 5. cxd5 {[%clk 1:40:36]} d6
{[%clk 1:36:42]} 6. Nc3 {[%clk 1:40:14]} g6 {[%clk 1:36:31]} 7. Bg2
{[%clk 1:40:27]} Bg7 {[%clk 1:36:32]} 8. Nf3 {[%clk 1:40:13]} O-O
{[%clk 1:35:30]} 9. O-O {[%clk 1:39:41]} Re8 {[%clk 1:35:06]} 10. Bf4
{[%clk 1:37:52]} Na6 {[%clk 1:33:59]} 11. Re1 {[%clk 1:30:07]} Bg4
{[%clk 1:32:26]} 12. Qd2 {[%clk 1:18:43]} Ne4 {[%clk 1:25:33]} 13. Nxe4
{[%clk 1:13:46]} Rxe4 {[%clk 1:25:39]} 14. h3 {[%clk 1:10:12]} Bxf3
{[%clk 1:25:18]} 15. Bxf3 {[%clk 1:09:55]} Rd4 {[%clk 1:22:47]} 16. Qc1
{[%clk 1:07:51]} Qd7 {[%clk 1:08:50]} 17. Kg2 {[%clk 1:00:12]} Nc7
{[%clk 1:02:21]} 18. Bd2 {[%clk 0:45:51]} Re8 {[%clk 0:57:00]} 19. Rb1
{[%clk 0:26:35]} b5 {[%clk 0:42:40]} 20. a3 {[%clk 0:17:27]} Nxd5
{[%clk 0:37:06]} 21. e3 {[%clk 0:15:44]} Rc4 {[%clk 0:35:42]} 22. Qd1
{[%clk 0:15:50]} Nf6 {[%clk 0:35:03]} 23. b3 {[%clk 0:15:38]} Rce4
{[%clk 0:35:27]} 24. Bxe4 {[%clk 0:15:43]} Nxe4 {[%clk 0:35:52]} 25. h4
{[%clk 0:14:16]} Bc3 {[%clk 0:31:58]} 26. Bxc3 {[%clk 0:13:38]} Nxc3
{[%clk 0:32:22]} 27. Qd3 {[%clk 0:13:42]} Qc6+ {[%clk 0:32:08]} 28. Kg1
{[%clk 0:12:19]} Nxb1 {[%clk 0:32:16]} 29. Rxb1 {[%clk 0:12:47]} Re6
{[%clk 0:23:00]} 30. Rc1 {[%clk 0:11:35]} a6 {[%clk 0:19:39]} 31. Rc2
{[%clk 0:09:02]} Qf3 {[%clk 0:18:05]} 32. Rd2 {[%clk 0:07:58]} h6
{[%clk 0:16:05]} 33. Qd5 {[%clk 0:05:31]} Qxd5 {[%clk 0:16:26]} 34. Rxd5
{[%clk 0:05:58]} Kf8 {[%clk 0:16:03]} 35. Rd3 {[%clk 0:05:05]} Ke7
{[%clk 0:16:05]} 36. Kf1 {[%clk 0:04:50]} g5 {[%clk 0:11:55]} 37. hxg5
{[%clk 0:04:16]} hxg5 {[%clk 0:12:20]} 38. g4 {[%clk 0:03:11]} Rh6
{[%clk 0:08:50]} 39. Kg2 {[%clk 0:01:52]} Ke6 {[%clk 0:09:15]} 40. e4
{[%clk 0:01:34]} Rh8 {[%clk 0:08:57]} 41. f3 {[%clk 0:46:32]} Rc8
{[%clk 0:56:00]} 42. Kf2 {[%clk 0:44:08]} c4 {[%clk 0:55:48]} 43. bxc4
{[%clk 0:39:46]} bxc4 {[%clk 0:56:09]} 44. Rc3 {[%clk 0:38:27]} d5
{[%clk 0:55:20]} 45. Ke3 {[%clk 0:38:25]} Ke5 {[%clk 0:55:40]} 46. exd5
{[%clk 0:38:28]} Kxd5 {[%clk 0:56:03]} 47. Rc1 {[%clk 0:32:47]} c3
{[%clk 0:52:17]} 48. Kd3 {[%clk 0:30:23]} Ke5 {[%clk 0:52:41]} 49. Kc2
{[%clk 0:24:37]} Kf4 {[%clk 0:51:28]} 50. Rd1 {[%clk 0:24:04]} Kxf3
{[%clk 0:49:21]} 51. Rd4 {[%clk 0:19:46]} Rc6 {[%clk 0:46:48]} 52. Ra4
{[%clk 0:18:53]} f5 {[%clk 0:44:05]} 53. gxf5 {[%clk 0:18:03]} g4
{[%clk 0:44:29]} 0-1